000 01756cpcaa2200385 4500
001 mm 82012682
003 DLC
005 20260227111712.0
007 cr |||||||||||
008 820702|||||||||||| eng
010 _amm 82012682
040 _aDLC
_cDLC
_edacs
_dDLC
072 7 _aL
_2lcmd
100 1 _aChapin, Katherine Garrison,
_d1890-1977.
245 0 0 _aKatherine Garrison Chapin papers,
_f1930-1972.
300 _a1,200
_fitems.
300 _a7
_fcontainers.
300 _a2.8
_flinear feet.
506 1 _aRestrictions apply.
520 8 _aCorrespondence; drafts of plays, poems, short stories, articles, and other writings; notes and notebooks; reviews; biographical material; publicity; and printed matter. Chiefly drafts of published and unpublished poetry and plays, including "Sojourner Truth," "The Tapestry of the Duchess," "The Other Journey," and "To Speak Before Sleep...."
544 _3Musical scores
_etransferred to
_aLibrary of Congress Music Division.
545 0 _aPoet and author. Mrs. Francis Biddle.
546 _aCollection material in English.
555 8 _aFinding aid available in the Library of Congress Manuscript Reading Room and at
_uhttp://hdl.loc.gov/loc.mss/eadmss.ms010311
650 0 _aAmerican literature.
650 0 _aAmerican poetry.
650 0 _aLiterature.
650 0 _aPoetry.
656 7 _aAuthors.
_2itoamc
656 7 _aPoets.
_2itoamc
856 4 _3Finding aid
_uhttp://hdl.loc.gov/loc.mss/eadmss.ms010311
856 4 _3Finding aid (PDF)
_uhttp://hdl.loc.gov/loc.mss/eadmss.ms010311.3
999 _c43446
_d43446